Surveyors flock to faculties (Record no. 69534)

MARC details
000 -LEADER
fixed length control field 00801cam a2200193 4500
001 - CONTROL NUMBER
control field WB3807-28
008 - FIXED-LENGTH DATA ELEMENTS--GENERAL INFORMATION
fixed length control field 020219n2002 000 0 eng u
035 ## - SYSTEM CONTROL NUMBER
System control number (Sirsi) u116743
245 ## - TITLE STATEMENT
Title Surveyors flock to faculties
260 ## - PUBLICATION, DISTRIBUTION, ETC.
Date of publication, distribution, etc. 2002
490 ## - SERIES STATEMENT
Series statement RICS Press Release
Volume/sequential designation (pr012) 12 February 2002, (2)
520 ## - SUMMARY, ETC.
Summary, etc. More than 75% of RICS members have voluntarily joined a faculty, comfortably exceeding the 60% target set for August 2002. The 16 specialism based faculties make full use of the Internet to provide the services that their members demand. For RICS news release: http://www.rics.org/ricscms/bin/show?class=PressRelease&template=/includes/showpr.html&id=673
590 ## - LOCAL NOTE (RLIN)
Local note WB
650 ## - SUBJECT ADDED ENTRY--TOPICAL TERM
Topical term or geographic name entry element FACULTIES
650 ## - SUBJECT ADDED ENTRY--TOPICAL TERM
Topical term or geographic name entry element INTERNET
650 ## - SUBJECT ADDED ENTRY--TOPICAL TERM
Topical term or geographic name entry element RICS
690 ## - LOCAL SUBJECT ADDED ENTRY--TOPICAL TERM (OCLC, RLIN)
Topical term or geographic name as entry element RICS NEWS
942 ## - ADDED ENTRY ELEMENTS (KOHA)
Suppress in OPAC 0
Holdings
Withdrawn status Lost status Source of classification or shelving scheme Damaged status Not for loan Home library Current library Shelving location Date acquired Total Checkouts Full call number Barcode Date last seen Copy number Price effective from Koha item type
    Dewey Decimal Classification     London London News article 19/02/2002   WB3807-28 116743-1001 06/08/2019 1 06/08/2019 News article